|
|
|
|
| LEADER |
03051nam a22004093i 4500 |
| 001 |
EBC6719370 |
| 003 |
MiAaPQ |
| 005 |
20231204023218.0 |
| 006 |
m o d | |
| 007 |
cr cnu|||||||| |
| 008 |
231204s2021 xx o ||||0 eng d |
| 020 |
|
|
|a 9783030796754
|q (electronic bk.)
|
| 020 |
|
|
|z 9783030796747
|
| 035 |
|
|
|a (MiAaPQ)EBC6719370
|
| 035 |
|
|
|a (Au-PeEL)EBL6719370
|
| 035 |
|
|
|a (OCoLC)1314629688
|
| 040 |
|
|
|a MiAaPQ
|b eng
|e rda
|e pn
|c MiAaPQ
|d MiAaPQ
|
| 050 |
|
4 |
|a BF38
|
| 082 |
0 |
|
|a 150.1
|
| 100 |
1 |
|
|a Distiller, Natasha.
|
| 245 |
1 |
0 |
|a Complicities :
|b A Theory for Subjectivity in the Psychological Humanities.
|
| 250 |
|
|
|a 1st ed.
|
| 264 |
|
1 |
|a Cham :
|b Springer International Publishing AG,
|c 2021.
|
| 264 |
|
4 |
|c ©2022.
|
| 300 |
|
|
|a 1 online resource (277 pages)
|
| 336 |
|
|
|a text
|b txt
|2 rdacontent
|
| 337 |
|
|
|a computer
|b c
|2 rdamedia
|
| 338 |
|
|
|a online resource
|b cr
|2 rdacarrier
|
| 490 |
1 |
|
|a Palgrave Studies in the Theory and History of Psychology Series
|
| 505 |
0 |
|
|a Complicities -- Praise for Complicities -- Preface -- Acknowledgments -- Contents -- 1: Introduction: The Personal Is Still Political -- Binary Thinking -- Complicities -- The Science of Psychology and the Psychological Humanities -- Self/Other -- The Subject of Psychology -- Conclusion -- Works Cited -- 2: Well-Intentioned White People and Other Problems with Liberalism -- Liberalism -- A Note on the Idea of the Universally Human -- The Liberal Subject of Psychology -- From Liberalism to Neoliberalism -- Complicit Intersubjectivity -- Works Cited -- 3: Wakanda Forever -- Race -- Racism -- Race and Racism in and Through Psychology -- Complicities: Black Panther -- Works Cited -- 4: Thought Bodies: Gender, Sex, Sexualities -- Binary Gender -- Transgender Complicities -- Heterosexual Consent -- Transnational Lessons -- Works Cited -- 5: Love and Money -- Neoliberalism and Identity -- The More Things Change -- Finding Oneself in the Public Eye -- Truth, Lies and Mediascape: Trump's Bullshit -- Being Millennial -- Love and Money -- Works Cited -- 6: The Complicit Therapist -- Stance -- Trauma-Informed, Body-Based Theories -- Internal Family Systems -- Beyond the Self/Other Binary: Thirdness -- A Social Justice Practice -- The Complicit Therapist: How Therapy Heals -- Works Cited -- 7: Conclusion -- Works Cited -- Correction to: Complicities -- Index.
|
| 588 |
|
|
|a Description based on publisher supplied metadata and other sources.
|
| 590 |
|
|
|a Electronic reproduction. Ann Arbor, Michigan : ProQuest Ebook Central, 2023. Available via World Wide Web. Access may be limited to ProQuest Ebook Central affiliated libraries.
|
| 655 |
|
4 |
|a Electronic books.
|
| 776 |
0 |
8 |
|i Print version:
|a Distiller, Natasha
|t Complicities
|d Cham : Springer International Publishing AG,c2021
|z 9783030796747
|
| 797 |
2 |
|
|a ProQuest (Firm)
|
| 830 |
|
0 |
|a Palgrave Studies in the Theory and History of Psychology Series
|
| 856 |
4 |
0 |
|u https://ebookcentral.proquest.com/lib/matrademy/detail.action?docID=6719370
|z Click to View
|